Rezervy v účtovníctve verejnej správy
Účtovanie rezerv vymedzených subjektov verejnej správy (rozpočtové organizácie, štátne fondy, príspevkové organizácie, obce a vyššie územné celky) od 1. 1. 2008, kedy nadobudli účinnosť nové postupy účtovania, bolo zaradené do účtovníctva vymedzených subjektov verejnej správy v SR v dôsledku prijati...
Saved in:
| Main Author: | |
|---|---|
| Format: | Book Chapter |
| Language: | Slovak |
| Subjects: | |
| Tags: |
No Tags, Be the first to tag this record!
|
MARC
| LEADER | 00000naa$a2200000$$$4500 | ||
|---|---|---|---|
| 001 | 0075367 | ||
| 005 | 20240502071902.2 | ||
| 041 | 0 | |a slo | |
| 044 | |a SK | ||
| 245 | 1 | 0 | |a Rezervy v účtovníctve verejnej správy |c Marianna Kicová |
| 520 | |a Účtovanie rezerv vymedzených subjektov verejnej správy (rozpočtové organizácie, štátne fondy, príspevkové organizácie, obce a vyššie územné celky) od 1. 1. 2008, kedy nadobudli účinnosť nové postupy účtovania, bolo zaradené do účtovníctva vymedzených subjektov verejnej správy v SR v dôsledku prijatia novej metodiky štátneho účtovníctva a výkazníctva. Jedným z predpokladov novej metodiky štátneho účtovníctva a výkazníctva je vedenie účtovníctva a zostavovanie účtovných výkazov vymedzených subjektov verejnej správy na aktuálnom princípe. | ||
| 610 | 2 | 0 | |a správa verejná |
| 610 | 2 | 0 | |a organizácie príspevkové |
| 610 | 2 | 0 | |a organizácie rozpočtové |
| 610 | 2 | 0 | |a obce |
| 610 | 2 | 0 | |a účtovníctvo |
| 610 | 2 | 0 | |a účtovanie |
| 610 | 2 | 0 | |a rezervy |
| 610 | 2 | 0 | |a postupy účtovné |
| 610 | 2 | 0 | |a Slovensko |
| 100 | 1 | |a Kicová, Marianna | |